[Event "Ceske Budejovice op-A"]
[Site "Ceske Budejovice"]
[Date "2023.07.09"]
[Round "9"]
[White "Slampa, Jan"]
[Black "Sim, Jia Ru"]
[Result "1/2-1/2"]
[WhiteElo "2227"]
[BlackElo "1869"]
[PlyCount "149"]
[EventDate "2023.07.01"]
[EventType "swiss"]
[EventRounds "9"]
[EventCountry "CZE"]
[SourceTitle "CBM 215 Extra"]
[Source "ChessBase"]
[SourceDate "2023.09.30"]
[SourceVersion "1"]
[SourceVersionDate "2023.09.30"]
[SourceQuality "1"]

1. e4 c5 2. Nf3 e6 3. d4 cxd4 4. Nxd4 Nc6 5. Nc3 Qc7 6. Be2 a6 7. Be3 Nf6 8. a3 b5 9. Nxc6 dxc6 10. f4 Bb7 11. e5 Rd8 12. Bd3 Nd5 13. Nxd5 cxd5 14. c3 d4 15. cxd4 Bxg2 16. Rg1 Qb7 17. Qc2 Bf3 18. Rc1 g6 19. Qc7 Be7 20. Qxb7 Bxb7 21. Ke2 Kd7 22. Bd2 Rc8 23. Ba5 Rxc1 24. Rxc1 Rc8 25. Rxc8 Kxc8 26. Kd2 Bh4 27. Ke3 Kd7 28. Bb4 Bg2 29. Bc2 Kc6 30. Bf8 Bh1 31. Bg7 Bd8 32. Bd1 Bb6 33. Bf6 Bg2 34. Be7 Bh1 35. b4 Bg2 36. Bb3 Bd5 37. Bc2 Kd7 38. Bg5 Kc6 39. Bd1 Bg2 40. Bc2 Bh1 41. a4 Kd7 42. h4 Bc6 43. axb5 axb5 44. h5 Bd5 45. h6 Ba7 46. Bf6 Bb6 47. Kd3 Bc4+ 48. Kc3 Kc6 49. Be4+ Bd5 50. Bd3 Bf3 51. Be7 Bd5 52. Bb1 Bc4 53. Be4+ Bd5 54. Bd3 Bf3 55. Bc5 Bd8 56. Kd2 Bh4 57. Ke3 Bd5 58. Bf8 Bg3 59. Be7 Bg2 60. Be2 Bd5 61. Bd1 Kd7 62. Bf8 Bh4 63. Be2 Kc6 64. Bc5 Bg2 65. Bf8 Bd5 66. Bd6 Bg2 67. Bc5 Bd5 68. Bf1 Bh1 69. Ba7 Be7 70. Bc5 Bh4 71. Be2 Bg2 72. Bd3 Bd5 73. Be4 Bxe4 74. Kxe4 Bd8 75. Bf8 1/2-1/2

[Event "Ceske Budejovice op-A"]
[Site "Ceske Budejovice"]
[Date "2023.07.06"]
[Round "6"]
[White "Sim, Jia Ru"]
[Black "Birkisson, Bjorn Holm"]
[Result "1/2-1/2"]
[WhiteElo "1869"]
[BlackElo "2137"]
[PlyCount "93"]
[EventDate "2023.07.01"]
[EventType "swiss"]
[EventRounds "9"]
[EventCountry "CZE"]
[SourceTitle "CBM 215 Extra"]
[Source "ChessBase"]
[SourceDate "2023.09.30"]
[SourceVersion "1"]
[SourceVersionDate "2023.09.30"]
[SourceQuality "1"]

1. e4 c5 2. Nf3 Nc6 3. Bb5 g6 4. c3 Nf6 5. e5 Nd5 6. 0-0 Bg7 7. d4 Nc7 8. Ba4 b5 9. Bc2 cxd4 10. cxd4 0-0 11. Bf4 d6 12. exd6 exd6 13. Be4 Bb7 14. a3 Rc8 15. Nc3 Ba8 16. a4 Rb8 17. Rc1 Qd7 18. axb5 Nxb5 19. Qa4 Nxc3 20. bxc3 Rfd8 21. Qc2 Qg4 22. g3 Rbc8 23. Qd1 h6 24. Nd2 Qxd1 25. Rfxd1 Ne7 26. Bxa8 Rxa8 27. Ne4 d5 28. Nc5 g5 29. Bc7 Rdc8 30. Na6 Ng6 31. Rb1 Nf8 32. Rb5 Ne6 33. Ba5 Rc6 34. Rb8+ Rxb8 35. Nxb8 Rc8 36. Rb1 Bf6 37. Nd7 Bd8 38. Bb4 a5 39. Bd6 Rxc3 40. Rb8 Kh7 41. Be5 Kg6 42. Nf8+ Nxf8 43. Rxd8 Ne6 44. Rxd5 a4 45. Ra5 Rc4 46. d5 Rc5 47. Rxa4 1/2-1/2

[Event "Olympiad Women-44"]
[Site "Chennai"]
[Date "2022.08.08"]
[Round "10.3"]
[White "Sim, Jia Ru"]
[Black "Caku, Kler"]
[Result "0-1"]
[WhiteElo "2005"]
[BlackElo "1626"]
[PlyCount "116"]
[EventDate "2022.07.29"]
[EventType "team-swiss"]
[EventRounds "11"]
[EventCountry "IND"]
[SourceTitle "CBM 210"]
[Source "ChessBase"]
[SourceDate "2022.10.31"]
[SourceVersion "1"]
[SourceVersionDate "2022.10.31"]
[SourceQuality "1"]
[WhiteTeam "Malaysia (W)"]
[BlackTeam "Albania (W)"]
[WhiteTeamCountry "MAS"]
[BlackTeamCountry "ALB"]

1. e4 e5 2. Nf3 Nc6 3. Bb5 a6 4. Ba4 Nf6 5. 0-0 b5 6. Bb3 Be7 7. Re1 d6 8. c3 0-0 9. h3 Na5 10. Bc2 c5 11. d4 Nc6 12. d5 Nb8 13. Nbd2 Nbd7 14. a4 Rb8 15. axb5 axb5 16. b4 c4 17. Nf1 Re8 18. Be3 Nf8 19. Qd2 Bb7 20. Ra7 Qd7 21. Ng3 Ra8 22. Rea1 Rxa7 23. Rxa7 Ra8 24. Rxa8 Bxa8 25. Nf5 Ng6 26. Qc1 Bb7 27. Qa1 Bf8 28. Qa7 Bc8 29. Qb6 Ne8 30. Nd2 Ne7 31. Ng3 Qb7 32. Ne2 f5 33. Qxb7 Bxb7 34. f3 Nf6 35. Nb1 Kf7 36. Na3 Ba6 37. g4 f4 38. Bxf4 exf4 39. Nxf4 Ng6 40. Ne6 Ne8 41. Kf2 Be7 42. Ke3 Bf6 43. Nb1 Bc8 44. f4 Bxe6 45. dxe6+ Kf8 46. g5 Bd8 47. Nd2 Ke7 48. Nf3 Bb6+ 49. Nd4 Bxd4+ 50. cxd4 Nc7 51. f5 Nh4 52. d5 Na6 53. e5 dxe5 54. Ke4 Nxb4 55. Kxe5 Nf3+ 56. Kf4 Nxc2 57. Kxf3 Nd4+ 58. Ke4 Nxf5 0-1

[Event "Olympiad Women-44"]
[Site "Chennai"]
[Date "2022.08.02"]
[Round "5.3"]
[White "Selkirk, Rebecca"]
[Black "Sim, Jia Ru"]
[Result "0-1"]
[WhiteElo "1745"]
[BlackElo "2005"]
[PlyCount "66"]
[EventDate "2022.07.29"]
[EventType "team-swiss"]
[EventRounds "11"]
[EventCountry "IND"]
[SourceTitle "CBM 210"]
[Source "ChessBase"]
[SourceDate "2022.10.31"]
[SourceVersion "1"]
[SourceVersionDate "2022.10.31"]
[SourceQuality "1"]
[WhiteTeam "South Africa (W)"]
[BlackTeam "Malaysia (W)"]
[WhiteTeamCountry "RSA"]
[BlackTeamCountry "MAS"]

1. e4 c5 2. Nf3 e6 3. d4 cxd4 4. Nxd4 Nc6 5. Nc3 Qc7 6. Be3 a6 7. Qd2 Nf6 8. 0-0-0 Be7 9. f4 b5 10. Bd3 Bb7 11. Nb3 Na5 12. Kb1 Nc4 13. Qe2 Bb4 14. Bd4 Rc8 15. e5 Nd5 16. Nxd5 Bxd5 17. c3 Be7 18. f5 exf5 19. Bxf5 Qc6 20. Nd2 b4 21. Ne4 Qb5 22. Rhe1 Bxe4+ 23. Qxe4 Nxb2 24. c4 Nxc4 25. e6 dxe6 26. Bxg7 b3 27. Bxe6 Na3+ 28. Ka1 Nc2+ 29. Kb2 fxe6 30. Qxe6 bxa2+ 31. Qb3 a1Q+ 32. Rxa1 Qxb3+ 33. Kxb3 Nxa1+ 0-1

[Event "Olympiad Women-44"]
[Site "Chennai"]
[Date "2022.08.01"]
[Round "4.3"]
[White "Sim, Jia Ru"]
[Black "Kalaiyalahan, Akshaya"]
[Result "0-1"]
[WhiteElo "2005"]
[BlackElo "2158"]
[PlyCount "110"]
[EventDate "2022.07.29"]
[EventType "team-swiss"]
[EventRounds "11"]
[EventCountry "IND"]
[SourceTitle "CBM 210"]
[Source "ChessBase"]
[SourceDate "2022.10.31"]
[SourceVersion "1"]
[SourceVersionDate "2022.10.31"]
[SourceQuality "1"]
[WhiteTeam "Malaysia (W)"]
[BlackTeam "England (W)"]
[WhiteTeamCountry "MAS"]
[BlackTeamCountry "ENG"]

1. e4 c5 2. Nf3 e6 3. c3 d5 4. exd5 Qxd5 5. d4 Nf6 6. Be2 cxd4 7. cxd4 Nc6 8. Nc3 Qd6 9. 0-0 Be7 10. Nb5 Qd8 11. Bf4 Nd5 12. Bg3 a6 13. Nc3 0-0 14. Rc1 Nf6 15. Qd2 Nb4 16. Ne5 Nbd5 17. Bf3 Bb4 18. Qc2 Ne7 19. Qb3 Bd6 20. Rfd1 Nf5 21. Na4 Nxg3 22. hxg3 Rb8 23. Nb6 Bd7 24. Nec4 Bb5 25. d5 Bxc4 26. Nxc4 e5 27. Nd2 Ne8 28. g4 g6 29. Qe3 f5 30. gxf5 gxf5 31. Nc4 Qf6 32. Bh5 Ng7 33. Be2 Ne8 34. Nxd6 Nxd6 35. Rc7 Rbe8 36. Qh3 Re7 37. Rdc1 Rff7 38. R7c2 h6 39. g3 Rg7 40. Kg2 e4 41. Rc3 Qg5 42. Qh5 f4 43. Qxg5 f3+ 44. Kg1 hxg5 45. Bxf3 exf3 46. Rxf3 Rgf7 47. Rb3 Re5 48. Rd1 Re2 49. Rb6 Rf6 50. Rc1 Rd2 51. Rc5 g4 52. Rc8+ Kf7 53. Rc7+ Ke8 54. Rcxb7 Rdxf2 55. Rb8+ Kd7 0-1

[Event "Wch FIDE Online U16 Girls Asia qual"]
[Site "Tornelo INT"]
[Date "2020.12.13"]
[Round "6"]
[White "Sovetbekova, Nurai"]
[Black "Sim, Jia Ru"]
[Result "1-0"]
[WhiteElo "1608"]
[BlackElo "2005"]
[PlyCount "133"]
[EventDate "2020.12.11"]
[EventType "swiss (rapid)"]
[EventRounds "7"]
[EventCountry "ISS"]
[SourceTitle "EXT 2022"]
[Source "ChessBase"]
[SourceDate "2021.10.06"]
[SourceVersion "1"]
[SourceVersionDate "2021.10.06"]
[SourceQuality "1"]

1. d4 d5 2. c4 dxc4 3. e3 e5 4. Nf3 exd4 5. Qxd4 Qxd4 6. Nxd4 Bd7 7. Bxc4 Nf6 8. Nc3 a6 9. 0-0 c5 10. Nf3 b5 11. Nd5 bxc4 12. Nc7+ Kd8 13. Nxa8 Bd6 14. Nb6 Be6 15. Ng5 Ng4 16. Nxe6+ fxe6 17. f4 Nc6 18. Nxc4 Bc7 19. Bd2 Nf6 20. Rad1 Ke7 21. Bc3 Nd5 22. Bxg7 Rg8 23. Bh6 Na5 24. Nxa5 Nxe3 25. Nc6+ Ke8 26. Rd2 Nxf1 27. Kxf1 Rg6 28. Bg5 h6 29. Bh4 Bxf4 30. Rd8+ Kf7 31. g3 e5 32. gxf4 Rxc6 33. fxe5 Re6 34. Bf6 Rb6 35. Rd2 Kg6 36. Kf2 Kf5 37. Kf3 a5 38. h3 Rb4 39. Ke3 Re4+ 40. Kd3 Ra4 41. b3 Rf4 42. Re2 Ke6 43. Re4 Rf3+ 44. Re3 Rf4 45. h4 Rd4+ 46. Kc3 h5 47. Rd3 Rg4 48. Rd6+ Kf5 49. Rd5 Ke6 50. Rxc5 a4 51. bxa4 Rxa4 52. Kb3 Rg4 53. a4 Rg1 54. Kb4 Rb1+ 55. Ka5 Rb8 56. Rc6+ Kd7 57. Rb6 Ra8+ 58. Kb5 Rc8 59. e6+ Ke8 60. a5 Kf8 61. a6 Kg8 62. a7 Kh7 63. Rb8 Rc1 64. a8Q Rb1+ 65. Kc6 Rc1+ 66. Kd5 Rd1+ 67. Bd4 1-0

[Event "Wch FIDE Online U16 Girls Asia qual"]
[Site "Tornelo INT"]
[Date "2020.12.12"]
[Round "5"]
[White "Sim, Jia Ru"]
[Black "Rakshitta, Ravi"]
[Result "0-1"]
[WhiteElo "2005"]
[BlackElo "2190"]
[PlyCount "214"]
[EventDate "2020.12.11"]
[EventType "swiss (rapid)"]
[EventRounds "7"]
[EventCountry "ISS"]
[SourceTitle "EXT 2022"]
[Source "ChessBase"]
[SourceDate "2021.10.06"]
[SourceVersion "1"]
[SourceVersionDate "2021.10.06"]
[SourceQuality "1"]

1. e4 e5 2. Nf3 Nc6 3. Bb5 f5 4. d3 fxe4 5. dxe4 Nf6 6. 0-0 d6 7. Nc3 a6 8. Bxc6+ bxc6 9. h3 Be7 10. Qd3 Be6 11. Ng5 Bg8 12. f4 exf4 13. Nf3 Be6 14. Nd4 Qd7 15. Bxf4 0-0 16. Rae1 Nh5 17. Bh2 Bg5 18. Nf5 g6 19. Ng3 Nf4 20. Qd4 c5 21. Qd1 Rab8 22. b3 Bf6 23. Nce2 Nxg2 24. Kxg2 Bxh3+ 25. Kg1 Bxf1 26. Rxf1 Be5 27. Qd5+ Kg7 28. Nf5+ gxf5 29. Bxe5+ Kh6 30. Qd2+ Kg6 31. Kh2 h6 32. Rg1+ Kh7 33. Rg7+ Qxg7 34. Bxg7 Kxg7 35. Nf4 Rbe8 36. Qg2+ Kf6 37. Nh5+ Ke7 38. Qg7+ Rf7 39. Qxh6 fxe4 40. Qg5+ Kf8 41. Nf6 Re5 42. Qh6+ Ke7 43. Ng4 Ref5 44. Qe3 d5 45. Qxc5+ Kd8 46. Qc6 Rh5+ 47. Kg3 Rf3+ 48. Kg2 Rhf5 49. Qxa6 Rg5 50. Qe6 Rgf5 51. Qg8+ Kd7 52. Qh7+ Kc6 53. Qg6+ Kb7 54. Qe6 e3 55. Nxe3 Rf2+ 56. Kg1 Rf8 57. Qxd5+ c6 58. Qd7+ Kb8 59. Qd6+ Kb7 60. Nc4 R2f6 61. Qb4+ Kc7 62. Qa5+ Kb7 63. Qb4+ Kc7 64. Qb6+ Kd7 65. Qb7+ Kd8 66. Qb8+ Kd7 67. Qg3 Ke7 68. Qe5+ Re6 69. Qg7+ Rf7 70. Qg5+ Kf8 71. Ne5 Rg7 72. Qxg7+ Kxg7 73. Nf3 Re2 74. Nd4 Rd2 75. Nf5+ Kf6 76. Ne3 Kg5 77. a4 Kf4 78. Nc4 Rxc2 79. a5 Kf3 80. Ne5+ Ke4 81. Nc4 Ra2 82. Nd6+ Kd4 83. Nb7 Kc3 84. Kf1 Kxb3 85. a6 Kb4 86. Nd8 Rxa6 87. Ke2 Ra2+ 88. Kd3 c5 89. Ke4 c4 90. Nc6+ Kb3 91. Nd4+ Kc3 92. Nb5+ Kd2 93. Kd4 Ra4 94. Nc3 Rb4 95. Ne4+ Kc2 96. Nc3 Rb3 97. Ne4 c3 98. Nc5 Ra3 99. Kc4 Ra8 100. Kd4 Rc8 101. Ne4 Kb2 102. Nxc3 Rxc3 103. Kd5 Kb3 104. Ke5 Kc4 105. Kf6 Kd5 106. Ke7 Rc6 107. Kd7 Kc5 0-1

[Event "Wch FIDE Online U16 Girls Asia qual"]
[Site "Tornelo INT"]
[Date "2020.12.11"]
[Round "1"]
[White "Nour, Saleh Jasim"]
[Black "Sim, Jia Ru"]
[Result "0-1"]
[WhiteElo "1163"]
[BlackElo "2005"]
[PlyCount "72"]
[EventDate "2020.12.11"]
[EventType "swiss (rapid)"]
[EventRounds "7"]
[EventCountry "ISS"]
[SourceTitle "EXT 2022"]
[Source "ChessBase"]
[SourceDate "2021.10.06"]
[SourceVersion "1"]
[SourceVersionDate "2021.10.06"]
[SourceQuality "1"]

1. e4 c5 2. Nf3 e6 3. d4 cxd4 4. Nxd4 Nc6 5. Nc3 a6 6. Be3 Qc7 7. f3 Nf6 8. Qd2 b5 9. a3 Bb7 10. Be2 Be7 11. 0-0 0-0 12. Rad1 Rfd8 13. f4 d5 14. e5 Ne4 15. Nxe4 dxe4 16. Qe1 Nxd4 17. Rxd4 Rxd4 18. Bxd4 Qxc2 19. Bc3 Qb3 20. Bd1 Qd5 21. Bc2 Bc5+ 22. Kh1 e3 23. Qe2 h6 24. Rd1 Qc6 25. b4 Bb6 26. Bd4 Rc8 27. Bb3 Bxd4 28. Rxd4 Qc3 29. Rd3 Qa1+ 30. Rd1 Rc1 31. h3 Rxd1+ 32. Qxd1 Qb2 33. Qc2 Qxc2 34. Bxc2 e2 35. Kg1 e1Q+ 36. Kh2 Qf2 0-1

[Event "Wch FIDE Online U16 Girls Asia qual"]
[Site "Tornelo INT"]
[Date "2020.12.11"]
[Round "2"]
[White "Sim, Jia Ru"]
[Black "Nurgali, Nazerke"]
[Result "0-1"]
[WhiteElo "2005"]
[BlackElo "2217"]
[PlyCount "132"]
[EventDate "2020.12.11"]
[EventType "swiss (rapid)"]
[EventRounds "7"]
[EventCountry "ISS"]
[SourceTitle "EXT 2022"]
[Source "ChessBase"]
[SourceDate "2021.10.06"]
[SourceVersion "1"]
[SourceVersionDate "2021.10.06"]
[SourceQuality "1"]

1. e4 c6 2. d4 d5 3. Nc3 dxe4 4. Nxe4 Nf6 5. Nxf6+ exf6 6. c3 Bd6 7. Bd3 0-0 8. Qc2 Re8+ 9. Ne2 h5 10. Be3 Qa5 11. 0-0 Nd7 12. h3 Nf8 13. c4 Bd7 14. a3 Qd8 15. Rad1 Qc8 16. Nf4 h4 17. Rfe1 Qc7 18. Qd2 Ne6 19. Nxe6 Bxe6 20. c5 Be7 21. Bf4 Qd7 22. Bb1 Rad8 23. Qd3 f5 24. Be5 Qd5 25. Qe3 b6 26. cxb6 axb6 27. Bc7 Rd7 28. Bxb6 Rb8 29. Ba5 Qxa5 30. b4 Qd5 31. Qf4 Rbd8 32. Re3 Qd6 33. Qf3 Bg5 34. Re2 Qd5 35. Qh5 Bf6 36. Ba2 Qd6 37. Bxe6 fxe6 38. Rde1 Re7 39. Qf3 Bxd4 40. Rc2 Qd5 41. Qf4 Bf6 42. Rc5 Qd6 43. Qf3 Rc7 44. Qb3 Re8 45. Qc2 Rd8 46. Qb3 Kf7 47. Rxf5 Re7 48. Rc5 Qd3 49. Qa2 Qd2 50. Qxd2 Rxd2 51. Re3 Rd1+ 52. Kh2 Bd4 53. Rf3+ Ke8 54. Ra5 Rd7 55. Ra8+ Ke7 56. g3 hxg3+ 57. Kxg3 Be5+ 58. Kg2 Ra1 59. Rff8 Bf6 60. Rfe8+ Kd6 61. a4 Ke5 62. a5 Rdd1 63. Rac8 Kf4 64. Rxc6 Rg1+ 65. Kh2 Rh1+ 66. Kg2 Rag1# 0-1

[Event "Speed Chess (Women) Q1"]
[Site "Chess.com INT"]
[Date "2020.06.18"]
[Round "4"]
[White "Shukhman, Anna"]
[Black "Sim, Jia Ru"]
[Result "0-1"]
[WhiteElo "1866"]
[BlackElo "2005"]
[PlyCount "146"]
[EventDate "2020.06.18"]
[EventType "swiss (blitz)"]
[EventRounds "9"]
[EventCountry "USA"]
[SourceTitle "CBM 196 Extra"]
[Source "ChessBase"]
[SourceDate "2020.07.31"]
[SourceVersion "1"]
[SourceVersionDate "2020.07.31"]
[SourceQuality "1"]

1. e4 c5 2. Nf3 e6 3. d4 cxd4 4. Nxd4 Nc6 5. Nc3 a6 6. Be3 Qc7 7. Be2 Nf6 8. 0-0 b5 9. a3 Bb7 10. f3 Be7 11. Nb3 0-0 12. Qd2 Rad8 13. Rad1 d5 14. exd5 Nxd5 15. Nxd5 exd5 16. Nd4 Bc5 17. c3 Rfe8 18. Bf2 Ne5 19. Rfe1 Nc4 20. Qc1 Bd6 21. g3 Be5 22. Bd3 g6 23. Re2 Nd6 24. Qh6 Bg7 25. Qd2 Rxe2 26. Bxe2 Nc4 27. Qc1 Re8 28. Bf1 Qd6 29. Nb3 Qf6 30. Bg2 Ne5 31. Nd4 Rc8 32. Re1 Qd6 33. Qf4 Qc7 34. Bh3 Rd8 35. g4 h6 36. Bg3 f6 37. Ne6 Qb6+ 38. Nd4 Nd3 39. Qe3 Nxe1 40. Qxe1 Bc6 41. Qe6+ Kh8 42. Qxc6 Qxc6 43. Nxc6 Rc8 44. Nd4 Re8 45. Bf1 Bf8 46. Bd3 Kg7 47. Kf2 Bc5 48. h4 g5 49. hxg5 hxg5 50. Kg2 Bxd4 51. cxd4 Rc8 52. Kf2 Rc1 53. f4 Ra1 54. fxg5 fxg5 55. Be5+ Kf7 56. Be2 Ra2 57. Bf3 Ke6 58. Ke3 Rxb2 59. Be2 Rb3+ 60. Bd3 Rxa3 61. Bc7 a5 62. Kd2 b4 63. Kc2 a4 64. Ba5 Rc3+ 65. Kd2 Rb3 66. Bc2 Rb2 67. Kc1 a3 68. Bd3 b3 69. Bc3 Rg2 70. Bf5+ Kd6 71. Bb4+ Kc6 72. Bxa3 Rg1+ 73. Kb2 Rd1 0-1

[Event "Speed Chess (Women) Q1"]
[Site "Chess.com INT"]
[Date "2020.06.18"]
[Round "6"]
[White "Sim, Jia Ru"]
[Black "Fernandez, Maria Florencia"]
[Result "0-1"]
[WhiteElo "2005"]
[BlackElo "2229"]
[PlyCount "55"]
[EventDate "2020.06.18"]
[EventType "swiss (blitz)"]
[EventRounds "9"]
[EventCountry "USA"]
[SourceTitle "CBM 196 Extra"]
[Source "ChessBase"]
[SourceDate "2020.07.31"]
[SourceVersion "1"]
[SourceVersionDate "2020.07.31"]
[SourceQuality "1"]

1. e4 d6 2. d4 Nf6 3. Nc3 g6 4. f4 Bg7 5. Nf3 0-0 6. Bd3 Nc6 7. a3 e5 8. d5 Ne7 9. 0-0 c6 10. fxe5 dxe5 11. Bc4 cxd5 12. exd5 Bg4 13. h3 Bxf3 14. Qxf3 Nf5 15. Kh1 Nh5 16. Ne2 e4 17. Qf4 Nxf4 18. Bxf4 Rc8 19. Bb3 Bxb2 20. Ra2 Bg7 21. c4 Nd4 22. Nxd4 Bxd4 23. Bh6 Bg7 24. Be3 b6 25. a4 Qh4 26. a5 Qg3 27. Re2 Be5 28. Bg1 0-1

[Event "Penang op 11th"]
[Site "Penang"]
[Date "2019.12.14"]
[Round "9"]
[White "Li, Guohao"]
[Black "Sim, Jia Ru"]
[Result "1-0"]
[WhiteElo "2131"]
[BlackElo "1940"]
[PlyCount "117"]
[EventDate "2019.12.09"]
[EventType "swiss"]
[EventRounds "9"]
[EventCountry "MAS"]
[SourceTitle "CBM 193 Extra"]
[Source "ChessBase"]
[SourceDate "2020.01.31"]
[SourceVersion "1"]
[SourceVersionDate "2020.01.31"]
[SourceQuality "1"]

1. Nf3 d5 2. d4 c5 3. c4 dxc4 4. e4 cxd4 5. Qxd4 Qxd4 6. Nxd4 Bd7 7. Bxc4 Nc6 8. Nxc6 Bxc6 9. f3 e5 10. Be3 Nf6 11. Nd2 Be7 12. Be2 Nd7 13. Rc1 0-0 14. Kf2 Rac8 15. Nc4 Rc7 16. Rhd1 Rfc8 17. Bxa7 Ra8 18. Bb6 Nxb6 19. Nxb6 Rf8 20. Nd5 Rd7 21. Nxe7+ Rxe7 22. Ke3 g6 23. Rc5 f5 24. Bc4+ Kg7 25. Bd5 Rd8 26. Bb3 Rxd1 27. Bxd1 Rd7 28. Bc2 Kf6 29. b4 Rd6 30. b5 Be8 31. a4 b6 32. Rc7 f4+ 33. Ke2 Bf7 34. Bd3 h6 35. Bc4 Bxc4+ 36. Rxc4 Ke7 37. Rc7+ Ke6 38. g3 fxg3 39. hxg3 h5 40. Rb7 Kf6 41. f4 Re6 42. Ke3 Rd6 43. Rc7 exf4+ 44. gxf4 Ke6 45. e5 Rd1 46. Rc6+ Kf7 47. Rxb6 h4 48. Kf3 Rg1 49. Rc6 h3 50. Rc2 Ra1 51. Rh2 Rxa4 52. Rxh3 Kg7 53. Kg4 Rb4 54. Kg5 Rxb5 55. Rd3 Rb1 56. Rd7+ Kf8 57. Kxg6 Rg1+ 58. Kf6 Ke8 59. Ra7 1-0

[Event "Penang op 11th"]
[Site "Penang"]
[Date "2019.12.13"]
[Round "7"]
[White "Sim, Jia Ru"]
[Black "Koay, Yu Zhe"]
[Result "1-0"]
[WhiteElo "1940"]
[BlackElo "1589"]
[PlyCount "149"]
[EventDate "2019.12.09"]
[EventType "swiss"]
[EventRounds "9"]
[EventCountry "MAS"]
[SourceTitle "CBM 193 Extra"]
[Source "ChessBase"]
[SourceDate "2020.01.31"]
[SourceVersion "1"]
[SourceVersionDate "2020.01.31"]
[SourceQuality "1"]

1. e4 c6 2. d4 d5 3. Nd2 dxe4 4. Nxe4 Bf5 5. Ng3 Bg6 6. Nf3 Nd7 7. Bd3 Bxd3 8. Qxd3 e6 9. 0-0 Ngf6 10. c4 Be7 11. Bf4 0-0 12. Rfe1 Qa5 13. a3 Rfe8 14. b4 Qd8 15. Qb3 b5 16. Ne5 Rc8 17. c5 Nd5 18. Qf3 Nxe5 19. dxe5 Ra8 20. Qg4 Bf8 21. Ne4 Be7 22. Rad1 Qc7 23. Bg3 Kh8 24. Qh5 g6 25. Qh6 Bf8 26. Qh4 Bg7 27. Nf6 h6 28. Nxe8 Rxe8 29. Bf4 Kh7 30. Rd3 Qe7 31. Qg4 Ra8 32. Rh3 a5 33. Bg5 Qf8 34. Bd2 axb4 35. Bxb4 Ra4 36. Qd4 Qe7 37. Rf3 Kg8 38. g3 Qc7 39. Kg2 Kf8 40. Re4 Ke8 41. Qd2 Ra8 42. Rd3 Bf8 43. h4 Ra4 44. Re1 Qd8 45. Qe2 Ra7 46. Kh2 Qe7 47. Rxd5 exd5 48. e6 f5 49. Qe5 Rb7 50. Qd6 Rc7 51. a4 bxa4 52. Ra1 Rc8 53. Rxa4 Qc7 54. Qxc7 Rxc7 55. Ra8+ Ke7 56. Bc3 Rb7 57. Rc8 Rb3 58. Bd4 Rd3 59. Be3 Bg7 60. Rc7+ Kf6 61. e7 Kf7 62. e8Q+ Kxe8 63. Rxg7 d4 64. Bxh6 Rc3 65. Rxg6 Rxc5 66. Rd6 Rc2 67. Kg2 c5 68. Bf4 Rc3 69. h5 d3 70. h6 Kf7 71. h7 Kg7 72. Rd7+ Kg6 73. h8Q c4 74. Qg7+ Kh5 75. Qg5# 1-0

[Event "Pardubice Czech op-B 30th"]
[Site "Pardubice"]
[Date "2019.07.21"]
[Round "3"]
[White "Sim, Jia Ru"]
[Black "Mondrzycki, Bartlomiej"]
[Result "0-1"]
[WhiteElo "1866"]
[BlackElo "2071"]
[PlyCount "82"]
[EventDate "2019.07.19"]
[EventType "swiss"]
[EventRounds "9"]
[EventCountry "CZE"]
[SourceTitle "EXT 2020"]
[Source "ChessBase"]
[SourceDate "2019.10.17"]
[SourceVersion "1"]
[SourceVersionDate "2019.10.17"]
[SourceQuality "1"]

1. e4 g6 2. d4 Bg7 3. Nf3 d6 4. Be2 e6 5. Nc3 Ne7 6. Be3 Nd7 7. 0-0 b6 8. Qd2 h6 9. Rad1 Bb7 10. Rfe1 Nf6 11. Bd3 g5 12. Qe2 a6 13. e5 Nfd5 14. Nxd5 Nxd5 15. c4 Nxe3 16. Qxe3 d5 17. b3 Qe7 18. Rc1 dxc4 19. bxc4 c5 20. Be4 cxd4 21. Nxd4 Bxe4 22. Qxe4 0-0 23. h3 Rac8 24. Rc3 Rc5 25. Nf3 Rfc8 26. Qe2 b5 27. Rec1 Qc7 28. Nd2 Qxe5 29. Re3 Qc7 30. Re1 bxc4 31. Ne4 Rb5 32. h4 c3 33. hxg5 hxg5 34. Nxc3 Bxc3 35. Rc1 Rc5 36. Qh5 Bf6 37. Rxc5 Qxc5 38. Rf3 Qe5 39. g3 Kg7 40. Qg4 Qe1+ 41. Kg2 Rh8 0-1

[Event "Pardubice Czech op-B 30th"]
[Site "Pardubice"]
[Date "2019.07.19"]
[Round "1"]
[White "Kourek, Josef"]
[Black "Sim, Jia Ru"]
[Result "0-1"]
[WhiteElo "2109"]
[BlackElo "1866"]
[PlyCount "64"]
[EventDate "2019.07.19"]
[EventType "swiss"]
[EventRounds "9"]
[EventCountry "CZE"]
[SourceTitle "EXT 2020"]
[Source "ChessBase"]
[SourceDate "2019.10.17"]
[SourceVersion "1"]
[SourceVersionDate "2019.10.17"]
[SourceQuality "1"]

1. d4 d5 2. Nf3 c5 3. Nc3 Nf6 4. Bf4 Nc6 5. e3 a6 6. Be2 Bg4 7. dxc5 e6 8. Ne5 Bxe2 9. Qxe2 Bxc5 10. 0-0 0-0 11. Rad1 Bd6 12. Nxc6 bxc6 13. Bxd6 Qxd6 14. e4 Nd7 15. f4 Qb4 16. Rd3 Nc5 17. Rh3 Nxe4 18. Nxe4 Qxe4 19. Qxe4 dxe4 20. Re1 Rab8 21. b3 f5 22. Rc3 Rbc8 23. Rd1 Kf7 24. Rd6 Rfd8 25. Rxd8 Rxd8 26. Rxc6 e3 27. Kf1 g5 28. Rxa6 gxf4 29. Rc6 Rd1+ 30. Ke2 Rg1 31. g3 Rg2+ 32. Kf1 f3 0-1

[Event "Penang op 10th"]
[Site "Penang"]
[Date "2018.12.06"]
[Round "6"]
[White "Aris, TLS"]
[Black "Sim, Jia Ru"]
[Result "0-1"]
[WhiteElo "2094"]
[BlackElo "1911"]
[PlyCount "70"]
[EventDate "2018.12.03"]
[EventType "swiss"]
[EventRounds "9"]
[EventCountry "MAS"]
[SourceTitle "CBM 187 Extra"]
[Source "ChessBase"]
[SourceDate "2018.11.04"]
[SourceVersion "1"]
[SourceVersionDate "2018.11.04"]
[SourceQuality "1"]

1. d4 d5 2. Bf4 c5 3. e3 Nf6 4. c3 Qb6 5. Qb3 c4 6. Qc2 g6 7. Nd2 Bf5 8. Qc1 Nc6 9. h3 h5 10. Ngf3 Bg7 11. Be2 0-0 12. b3 cxb3 13. axb3 Rfc8 14. Qa3 Ne4 15. Nxe4 Bxe4 16. 0-0 Bf8 17. Qa2 a5 18. Rfc1 Qd8 19. Qa4 f6 20. Nd2 Bf5 21. Qb5 e5 22. Bg3 Kh8 23. Nf3 exd4 24. cxd4 Bd6 25. Qxd5 Bxg3 26. Qxd8+ Rxd8 27. fxg3 Re8 28. Kf2 Nb4 29. Rc5 b6 30. Rcc1 Nc2 31. Ra2 Nxe3 32. Rc6 Nd5 33. Rd2 Rac8 34. Rd6 Nc3 35. Rxb6 Ne4+ 0-1

[Event "Penang op 10th"]
[Site "Penang"]
[Date "2018.12.03"]
[Round "1"]
[White "Sim, Jia Ru"]
[Black "Foo, Jiu Yarng Clarance"]
[Result "0-1"]
[WhiteElo "1911"]
[BlackElo "1580"]
[PlyCount "84"]
[EventDate "2018.12.03"]
[EventType "swiss"]
[EventRounds "9"]
[EventCountry "MAS"]
[SourceTitle "CBM 187 Extra"]
[Source "ChessBase"]
[SourceDate "2018.11.04"]
[SourceVersion "1"]
[SourceVersionDate "2018.11.04"]
[SourceQuality "1"]

1. e4 c5 2. Nf3 e6 3. c3 d6 4. Be2 Nf6 5. 0-0 Nc6 6. Qc2 Be7 7. d4 cxd4 8. cxd4 0-0 9. a3 Bd7 10. Nc3 Rc8 11. h3 a6 12. Be3 h6 13. Rad1 d5 14. exd5 exd5 15. Bd3 Bd6 16. Qd2 Ne7 17. Ne5 Bf5 18. Bxh6 Bxd3 19. Bxg7 Kxg7 20. Qxd3 Bxe5 21. dxe5 Nh7 22. Qf3 Rc6 23. Nxd5 Nxd5 24. Rxd5 Ng5 25. Qd3 Qb6 26. Qg3 Rg6 27. Rd6 Rxd6 28. exd6 Kh6 29. Qf4 Kg6 30. Re1 Qxb2 31. Re5 f5 32. h4 Nh7 33. Re6+ Rf6 34. Qg3+ Kh6 35. Re7 Qc1+ 36. Kh2 Rg6 37. Qe5 Qc4 38. g3 f4 39. gxf4 Qf1 40. Qe4 Qg1+ 41. Kh3 Qg4+ 42. Kh2 Qxh4# 0-1